| 000 | 00710nam a22002292 4500 | ||
|---|---|---|---|
| 001 | 0000002920 | ||
| 005 | 20151217151908.0 | ||
| 008 | 070423s xx 000 0 eng d | ||
| 020 | _a0201635372 : | ||
| 040 |
_aKABU _cKABU |
||
| 050 | 0 |
_aHG173 _b.G58 |
|
| 100 | 1 |
_aGitman, Lawrence J. _@0000151021 |
|
| 245 | 1 | 0 |
_aIntroduction to finance / _cLawrence J. Gitman, Jeff Madura. |
| 260 |
_aBoston : _bAddison Wesley, _cc2001. |
||
| 300 |
_axxx, 755 p. : _bcol. ill. ; _c26 cm. |
||
| 440 | 4 |
_aThe Addison-Wesley series in finance _@0000152423 |
|
| 650 | 0 |
_aFinance. _@0000148330 |
|
| 700 | 1 |
_aMadura, Jeff. _@0000150616 |
|
| 908 | _a070423 | ||
| 950 | _@1 | ||
| 999 |
_c6107 _d6107 |
||